|
|
|
|
| LEADER |
00000cam a2200000 a 4500 |
| 001 |
002115 |
| 003 |
UAHC_CL |
| 005 |
20170803115815.0 |
| 008 |
020618b xx j 000 1 eng |
| 020 |
|
|
|a 8433015230
|
| 040 |
|
|
|a UAHC_CL
|c UAHC_CL
|d UAHC_CL
|
| 100 |
1 |
|
|a Lazarus, Richard S.
|
| 245 |
1 |
0 |
|a Estrés y emoción : manejo e implicaciones en nuestra salud.
|
| 260 |
|
|
|b Desclée de Brouwer
|c 2000
|a Bilbao, España
|
| 300 |
|
|
|a 327 p.
|
| 900 |
|
|
|a 155.9042 LAZ
|
| 942 |
|
|
|c BK
|
| 952 |
|
|
|0 0
|1 0
|4 0
|6 155_904200000000000_LAZ
|7 0
|8 General
|9 4835
|a BC
|b BC
|c General
|d 2017-08-03
|l 0
|o 155.9042 LAZ
|p 1325455
|r 2026-01-07 00:00:00
|t 1
|w 2017-08-03
|y BK
|
| 952 |
|
|
|0 0
|1 0
|4 0
|6 155_904200000000000_LAZ
|7 0
|8 General
|9 4836
|a BC
|b BC
|c General
|d 2017-08-03
|l 0
|o 155.9042 LAZ
|p 1325456
|r 2026-01-07 00:00:00
|t 2
|w 2017-08-03
|y BK
|
| 999 |
|
|
|c 2115
|d 2115
|